[Event "AUT-ch Blitz"]
[Site "Innsbruck"]
[Date "2025.06.21"]
[Round "5"]
[White "Budjav, Enkhjargal"]
[Black "Goeschl, Ortrun"]
[Result "1-0"]
[WhiteElo "1957"]
[BlackElo "1878"]
[PlyCount "49"]
[EventDate "2025.06.21"]
[EventType "swiss (blitz)"]
[EventRounds "11"]
[EventCountry "AUT"]
[SourceTitle "CB26_2025"]
[SourceDate "2025.06.25"]
[SourceVersion "1"]
[SourceVersionDate "2025.06.25"]
[SourceQuality "1"]

1. e4 c5 2. Nf3 d6 3. Nc3 Nc6 4. Bb5 Bd7 5. Bxc6 Bxc6 6. 0-0 e6 7. d3 Qc7 8. Re1 g6 9. Bf4 Bg7 10. Qd2 Ne7 11. a4 h6 12. Nb5 Bxb5 13. axb5 Qb6 14. c3 e5 15. Be3 Qxb5 16. d4 Rd8 17. Rxa7 exd4 18. cxd4 cxd4 19. Nxd4 Bxd4 20. Qxd4 0-0 21. Bxh6 f6 22. Bxf8 Rxf8 23. Qxd6 Nc6 24. Qd5+ Kg7 25. Qxb5 1-0

[Event "AUT-ch Rapid"]
[Site "Innsbruck"]
[Date "2025.06.19"]
[Round "3"]
[White "Budjav, Enkhjargal"]
[Black "Mandzhieva, Altana"]
[Result "1/2-1/2"]
[WhiteElo "1957"]
[BlackElo "1723"]
[PlyCount "142"]
[EventDate "2025.06.19"]
[EventType "swiss (rapid)"]
[EventRounds "9"]
[EventCountry "AUT"]
[SourceTitle "CB26_2025"]
[SourceDate "2025.06.25"]
[SourceVersion "1"]
[SourceVersionDate "2025.06.25"]
[SourceQuality "1"]

1. Nf3 e6 2. g3 d5 3. Bg2 Nf6 4. 0-0 c5 5. d3 Nc6 6. Nbd2 Be7 7. Re1 0-0 8. e4 e5 9. exd5 Nxd5 10. Nc4 f6 11. a4 Bg4 12. c3 Qd7 13. Qb3 Rad8 14. Be3 Be6 15. Qa3 b6 16. Rad1 Nxe3 17. Nxe3 c4 18. Qa1 cxd3 19. Qb1 e4 20. Nd2 f5 21. f3 Bc5 22. b4 Bxe3+ 23. Rxe3 f4 24. Rxe4 fxg3 25. hxg3 Bh3 26. Rde1 Bf5 27. R4e3 Rfe8 28. Qb3+ Kf8 29. Qc4 Rxe3 30. Rxe3 Qd6 31. f4 Rc8 32. Qb5 Ne7 33. Rxe7 Kxe7 34. Qxf5 Rxc3 35. Qg5+ Qf6 36. Qd5 Rc1+ 37. Kf2 Qd6 38. Qe4+ Kf8 39. Qf5+ Ke8 40. Qe4+ Kf8 41. Bf1 Rc2 42. Ke3 Qe7 43. Bxd3 Qxe4+ 44. Nxe4 Rb2 45. b5 h6 46. Nd6 Rb4 47. Nc8 Rxa4 48. Bc2 Ra3+ 49. Bd3 Kf7 50. Ke4 Kf6 51. g4 Ra4+ 52. Kd5 g5 53. fxg5+ Kxg5 54. Bf5 Ra5 55. Kc6 a6 56. bxa6 Rxa6 57. Nxb6 Ra5 58. Bd7 Re5 59. Nc4 Re1 60. Nd2 Rd1 61. Ne4+ Kf4 62. Nf6 Ke5 63. Ng8 Rd6+ 64. Kc7 Rg6 65. Ne7 Rg7 66. Nf5 Rg6 67. Ng3 Kf4 68. Nh5+ Kg5 69. Kd8 Kh4 70. Nf4 Rxg4 71. Bxg4 Kxg4 1/2-1/2

[Event "AUT-chT2O 1415"]
[Site "Austria"]
[Date "2014.10.18"]
[Round "1.6"]
[White "Gstach, Jakob"]
[Black "Budjav, Enkhjargal"]
[Result "1-0"]
[WhiteElo "2263"]
[BlackElo "1975"]
[PlyCount "39"]
[EventDate "2014.10.18"]
[EventType "team-tourn"]
[EventRounds "11"]
[EventCountry "AUT"]
[SourceTitle "EXT 2015"]
[Source "ChessBase"]
[SourceDate "2014.11.20"]
[SourceVersion "1"]
[SourceVersionDate "2014.11.20"]
[SourceQuality "1"]
[WhiteTeam "Hietzing/Ottakring"]
[BlackTeam "Stockerau"]
[WhiteTeamCountry "AUT"]
[BlackTeamCountry "AUT"]

1. d4 d5 2. c4 Nf6 3. cxd5 Nxd5 4. e4 Nf6 5. Nc3 e6 6. Nf3 Bb4 7. Bd3 c5 8. dxc5 Bxc3+ 9. bxc3 Qa5 10. 0-0 0-0 11. e5 Nd5 12. Bxh7+ Kxh7 13. Ng5+ Kg6 14. Qd3+ f5 15. Qh3 f4 16. Qh7+ Kxg5 17. h4+ Kg4 18. f3+ Kg3 19. Qg6+ Kxh4 20. Qg4# 1-0

[Event "Stuttgart-chA int"]
[Site "Ditzingen"]
[Date "2008.05.01"]
[Round "2"]
[White "Budjav, Enkhjargal"]
[Black "Lange, Jan David"]
[Result "0-1"]
[WhiteElo "1866"]
[BlackElo "2132"]
[PlyCount "100"]
[EventDate "2008.05.01"]
[EventType "swiss"]
[EventRounds "7"]
[EventCountry "GER"]
[SourceTitle "EXT 2018"]
[Source "ChessBase"]
[SourceDate "2017.10.13"]
[SourceVersion "1"]
[SourceVersionDate "2017.10.13"]
[SourceQuality "1"]

1. e4 c5 2. Nf3 Nc6 3. d4 cxd4 4. Nxd4 Nf6 5. Nc3 d6 6. Nxc6 bxc6 7. Bg5 e5 8. Qd2 Be7 9. 0-0-0 0-0 10. Bxf6 Bxf6 11. Qxd6 Qb6 12. Qd2 Be6 13. Na4 Qc7 14. Nc5 Bxa2 15. b3 Be7 16. Qd7 Qxd7 17. Nxd7 Ba3+ 18. Kd2 Rfd8 19. Ke3 Bb1 20. Rxb1 Rxd7 21. b4 Rb8 22. b5 Rdb7 23. c4 a6 24. b6 Rxb6 25. Rxb6 Rxb6 26. Be2 Bb2 27. f3 Bd4+ 28. Kd2 a5 29. Bd3 Kf8 30. Bc2 Ke7 31. Kd3 Kd6 32. f4 f6 33. fxe5+ fxe5 34. Rf1 Rb7 35. g4 Kc5 36. h4 Ra7 37. Ba4 Rc7 38. Bc2 Rd7 39. Ba4 Bf2+ 40. Kc3 Bxh4 41. Rh1 Bf6 42. Bc2 h6 43. Rc1 Bd8 44. Rf1 Bg5 45. Ra1 Bd2+ 46. Kb2 Kxc4 47. Ra4+ Bb4 48. Bb3+ Kd4 49. Bc2 Rf7 50. Ra1 Bc3+ 0-1

[Event "Stuttgart-chA int"]
[Site "Ditzingen"]
[Date "2008.05.01"]
[Round "3"]
[White "Fahnenschmidt, Gerhard"]
[Black "Budjav, Enkhjargal"]
[Result "1/2-1/2"]
[WhiteElo "2101"]
[BlackElo "1866"]
[PlyCount "52"]
[EventDate "2008.05.01"]
[EventType "swiss"]
[EventRounds "7"]
[EventCountry "GER"]
[SourceTitle "EXT 2018"]
[Source "ChessBase"]
[SourceDate "2017.10.13"]
[SourceVersion "1"]
[SourceVersionDate "2017.10.13"]
[SourceQuality "1"]

1. c4 Nf6 2. Nc3 e5 3. Nf3 Nc6 4. d4 e4 5. Nd2 Nxd4 6. Ndxe4 Nxe4 7. Qxd4 Nxc3 8. Qxc3 Qe7 9. Bf4 a5 10. Bxc7 Qe6 11. Bxa5 Rxa5 12. Qxa5 Qxc4 13. a3 Bc5 14. e3 Qd5 15. Rc1 b6 16. Qb5 Bb7 17. b4 Bc6 18. Rxc5 bxc5 19. Qb8+ Ke7 20. Qxh8 Qe5 21. Qxh7 Qc3+ 22. Ke2 Qc2+ 23. Ke1 Qc3+ 24. Ke2 Qc2+ 25. Ke1 Qc3+ 26. Ke2 Qc2+ 1/2-1/2

[Event "Stuttgart-chA int"]
[Site "Gerlingen"]
[Date "2007.05.19"]
[Round "5"]
[White "Budjav, Enkhjargal"]
[Black "Zhou, Syang"]
[Result "1-0"]
[WhiteElo "1756"]
[BlackElo "1984"]
[PlyCount "71"]
[EventDate "2007.05.17"]
[EventType "swiss"]
[EventRounds "7"]
[EventCountry "GER"]
[SourceTitle "EXT 2018"]
[Source "ChessBase"]
[SourceDate "2017.10.13"]
[SourceVersion "1"]
[SourceVersionDate "2017.10.13"]
[SourceQuality "1"]

1. e4 c5 2. Nf3 d6 3. d4 cxd4 4. Nxd4 Nf6 5. Nc3 g6 6. Bg5 Bg7 7. Qd2 Nc6 8. Bc4 Nxe4 9. Nxe4 Nxd4 10. c3 d5 11. cxd4 dxc4 12. Rd1 Bf5 13. Nc5 b6 14. Na6 Bd3 15. Be3 0-0 16. Nb4 Be4 17. 0-0 a5 18. f3 axb4 19. fxe4 Rxa2 20. Qxb4 Qd6 21. Qxc4 Rxb2 22. e5 Qa3 23. Rd3 Qa8 24. Rd2 b5 25. Qc5 Rxd2 26. Bxd2 Qe4 27. Bb4 Bh6 28. Kh1 Qd3 29. Re1 Bg5 30. d5 Qc4 31. d6 Qxc5 32. Bxc5 exd6 33. exd6 Rd8 34. g3 Bf6 35. d7 Rxd7 36. Re8+ 1-0

[Event "Stuttgart-chA int"]
[Site "Gerlingen"]
[Date "2007.05.19"]
[Round "6"]
[White "Kaplunov, Vadym"]
[Black "Budjav, Enkhjargal"]
[Result "1/2-1/2"]
[WhiteElo "2021"]
[BlackElo "1756"]
[PlyCount "30"]
[EventDate "2007.05.17"]
[EventType "swiss"]
[EventRounds "7"]
[EventCountry "GER"]
[SourceTitle "EXT 2018"]
[Source "ChessBase"]
[SourceDate "2017.10.13"]
[SourceVersion "1"]
[SourceVersionDate "2017.10.13"]
[SourceQuality "1"]

1. c4 Nf6 2. g3 c5 3. Nf3 g6 4. Nc3 Nc6 5. Bg2 d6 6. 0-0 Bg7 7. d4 0-0 8. d5 Nb8 9. a3 Bg4 10. e4 Nbd7 11. h3 Bxf3 12. Bxf3 Ne5 13. Bg2 Nxc4 14. Kh2 Rc8 15. f4 a6 1/2-1/2

[Event "Stuttgart-chA int"]
[Site "Ditzingen"]
[Date "2006.05.26"]
[Round "3"]
[White "Budjav, Enkhjargal"]
[Black "Bischoff, Matthias"]
[Result "1/2-1/2"]
[WhiteElo "2128"]
[BlackElo "1945"]
[PlyCount "42"]
[EventDate "2006.05.25"]
[EventType "swiss"]
[EventRounds "7"]
[EventCountry "GER"]
[SourceTitle "EXT 2018"]
[Source "ChessBase"]
[SourceDate "2017.10.13"]
[SourceVersion "1"]
[SourceVersionDate "2017.10.13"]
[SourceQuality "1"]

1. d4 Nf6 2. c4 e6 3. Nc3 Bb4 4. Nf3 b6 5. a3 Bxc3+ 6. bxc3 0-0 7. Bg5 Bb7 8. e3 d6 9. Bd3 Nbd7 10. Qc2 h6 11. Bh4 e5 12. Bf5 Qe8 13. d5 g6 14. g4 e4 15. g5 gxf5 16. gxf6 Ne5 17. 0-0-0 exf3 18. Qxf5 Ng6 19. Rhg1 Kh7 20. Qh5 Qe5 21. Bg5 Qxc3+ 1/2-1/2